书目信息 |
| 题名: |
美国独立战争
|
|
| 作者: | 郭圣铭 编著 | |
| 分册: | ||
| 出版信息: | 北京 商务印书馆 1984 |
|
| 页数: | 62页 | |
| 开本: | 19cm | |
| 丛书名: | 外国历史小丛书 | |
| 单 册: | ||
| 中图分类: | K712.41 | |
| 科图分类: | ||
| 主题词: | 美国独立战争(1775~1783) | |
| 电子资源: | ||
| ISBN: | ||
| 000 | 00715nam2 2200265 45 | |
| 001 | 0184012304 | |
| 005 | 20060819150457.23 | |
| 010 | @dCNY0.20 | |
| 091 | @a11017.281 | |
| 100 | @a19950630d1984 em y0chiy0121 ea | |
| 101 | 0 | @achi |
| 102 | @aCN@b110000 | |
| 105 | @af z 000yy | |
| 200 | 10 | @a美国独立战争@Amei guo du li zhan zheng@f郭圣铭编著 |
| 205 | @a2版 | |
| 210 | @a北京@c商务印书馆@d1984 | |
| 215 | @a62页@c图@d19cm | |
| 225 | 2 | @a外国历史小丛书 |
| 410 | 0 | @120010@a外国历史小丛书 |
| 606 | @a美国独立战争(1775~1783) | |
| 690 | @aK712.41@v3 | |
| 701 | 0 | @a郭圣铭@Aguo sheng ming@4编著 |
| 801 | 0 | @aCN@b上海图书馆@c20060819 |
| 801 | 2 | @aCN@bNLC@c20060814 |
| 905 | @f2@b131116-117@dK712.41@e9 | |
| 美国独立战争/郭圣铭编著.-2版.-北京:商务印书馆,1984 |
| 62页:图;19cm.-(外国历史小丛书) |
| ISBN :CNY0.20 |
| ● |
| 相关链接 |
|
|
|
|
正题名:美国独立战争
索取号:K712.41/9
 
预约/预借
| 序号 | 登录号 | 条形码 | 馆藏地/架位号 | 状态 | 备注 |
| 1 | 0131116 | 001413535 | 第二借阅区/ [索取号:K712.41/9] | 在馆 | |
| 2 | 0131117 | 001413189 | 第二借阅区/ [索取号:K712.41/9] | 在馆 | |
| 3 | 0131118 | 001413143 | 第二样本阅览室/ [索取号:K712.41/9] | 在馆 | |
| 4 | 0462639 | 204626397 | 密集书库/ [索取号:K712.41/9] | 在馆 | |
| 5 | 0462640 | 204626404 | 密集书库/ [索取号:K712.41/9] | 在馆 | |
| 6 | 0466913 | 204669135 | 密集书库/ [索取号:K712.41/9] | 在馆 |